000 00764nam a2200181Ia 4500
008 100921s9999 xx 000 0 und d
082 _b28945
_a808.5 थ 96
100 _aसाळवी शीला.
245 _aपहिले पाऊल वकतृत्वकलाचे.
260 _bसेल्फ डेव्हलपमेंट प्रकाशन,मुंबई.
_c1996
300 _a64
_bरसिक साहित्य,पुणे
365 _b32
520 _aललित-भाषणकला.
630 _aपहिले पाऊल वकतृत्वकलाचे.
650 _aललित-भाषणकला.
730 _aपहिले पाऊल वकतृत्वकलाचे.
942 _cBOOK
999 _c778058
_d778055